Raad de Red Flame - Statistieken

Algemene statistieken
  • Deze quiz is 3 keer genomen
  • De gemiddelde score is 7 van 20
Antwoordstatistieken
Foto Antwoord % Correct
Janice Cayman
100%
Kassandra Missipo
100%
Nicky Evrard
100%
Tessa Wullaert
100%
Amber Tysiak
50%
Davina Philtjens
50%
Elena Dhont
50%
Sari Kees
50%
Tine De Caigny
50%
Charlotte Tison
0%
Davinia Vanmechelen
0%
Diede Lemey
0%
Ella Van Kerkhoven
0%
Jill Janssens
0%
Jody Vangheluwe
0%
Julie Biesmans
0%
Justine Vanhaevermaet
0%
Laura Deloose
0%
Marie Minnaert
0%
Sarah Wijnants
0%
Geen overeenkomende quizzen gevonden
Scoreverdeling
Procent van Mensen met Elke Score
Percentiel versus Aantal Correcte Antwoorden
Uw Scoregeschiedenis
U heeft deze quiz nog niet genomen